[Event "Let's Play Chess!"]
[Site "http://www.queenalice.com/game.php?id=1807304"]
[Date "2023.3.8"]
[Round "-"]
[White "johnrbrown"]
[Black "Charles56"]
[Result "1-0"]
[WhiteElo "2108"]
[BlackElo "1610"]

1. e4 e5 2. f4 exf4 3. Nf3 g5 4. Bc4 f6 5. Nxg5 Qe7 6. Nf7 Bg7 7. Nxh8 Nh6 8.
Qh5+ Kf8 9. d3 f5 10. Bxf4 fxe4 11. O-O Bxh8 12. Bxh6# 1-0

[Event "St. Patrick Day "]
[Site "http://www.queenalice.com/game.php?id=1807770"]
[Date "2023.3.11"]
[Round "-"]
[White "johnrbrown"]
[Black "igor12345"]
[Result "1/2-1/2"]
[WhiteElo "2111"]
[BlackElo "1959"]

1. e4 c5 2. Nf3 d6 3. d4 cxd4 4. Nxd4 Nf6 5. Nc3 e5 6. Ndb5 a6 7. Na3 b5 8. Nab1
Bb7 9. f3 h6 10. Bd3 d5 11. exd5 Bxd5 12. Nxd5 Nxd5 13. O-O Bc5+ 14. Kh1 Nc6 15.
Nc3 Nxc3 16. bxc3 O-O 17. Qe2 Qc7 18. Be4 Rad8 19. Bxc6 Qxc6 20. c4 Bd4 21. Rb1
bxc4 22. Be3 Qc5 23. Bxd4 exd4 24. Qf2 Rd5 25. Rbc1 Rb8 26. Rb1 Re8 27. Rfe1
Rxe1+ 28. Qxe1 Re5 29. Qh4 d3 30. cxd3 cxd3 31. Qd8+ Qf8 32. Qxd3 Qe8 33. Qd2
Re2 34. Qa5 Qe6 35. Ra1 Re5 36. Qc3 Re2 37. Qa5 Qg6 38. Rg1 Qe6 39. Ra1 Qe5 40.
Qd8+ Kh7 41. Qd3+ g6 42. Qd1 a5 43. a4 Qe3 44. Qg1 Qc3 45. Qc1 1/2-1/2

[Event "Let's Play Chess!"]
[Site "http://www.queenalice.com/game.php?id=1807826"]
[Date "2023.3.14"]
[Round "-"]
[White "johnrbrown"]
[Black "Charles56"]
[Result "1-0"]
[WhiteElo "2109"]
[BlackElo "1662"]

1. e4 e5 2. f4 exf4 3. Nf3 g5 4. Bc4 h6 5. d4 d6 6. Nc3 Bg4 7. O-O a6 8. Qd3 Qd7
9. e5 Bg7 10. exd6 Qxd6 11. Ne2 Nc6 12. c3 Be6 13. Bxe6 Qxe6 14. Rd1 O-O-O 15.
b4 Nge7 16. a4 Nd5 17. b5 Na5 18. bxa6 Qxa6 19. Qxa6 bxa6 20. Rb1 Nc4 21. Bb2
Kd7 22. Ba1 Rb8 23. Ne1 c6 24. Nd3 a5 25. Nc5+ Kd6 26. Kf2 Rhe8 27. Rb7 Rxb7 28.
Nxb7+ Kc7 29. Nc5 f5 30. Rb1 Ncb6 31. Nb3 Nc4 32. Rd1 g4 33. Nd2 Nxd2 34. Rxd2
h5 35. Bb2 Bh6 36. Rd1 g3+ 37. hxg3 fxg3+ 38. Nxg3 Nf4 39. Nxf5 Bg5 40. Kf3 Rf8
41. g4 Rf6 42. Ba3 Rf7 43. Bd6+ Kd7 44. Bxf4 hxg4+ 45. Kxg4 Bxf4 46. Kxf4 Rh7
47. c4 Rh2 48. d5 cxd5 49. Rxd5+ Ke6 50. Rxa5 Rf2+ 51. Ke3 Rc2 52. Kd3 Ra2 53.
Nd4+ Kd6 54. c5+ Kd7 55. Ra7+ Kc8 56. Nb5 Kb8 57. c6 Ra3+ 58. Kd4 Rb3 59. c7+
Kc8 60. Ra8+ Kd7 61. c8=Q+ 1-0

[Event "Rematch?"]
[Site "http://www.queenalice.com/game.php?id=1808606"]
[Date "2023.3.25"]
[Round "-"]
[White "Charles56"]
[Black "johnrbrown"]
[Result "0-1"]
[WhiteElo "1668"]
[BlackElo "2110"]

1. e4 e5 2. Nf3 Nc6 3. a3 Bc5 4. h3 Nf6 5. Nc3 O-O 6. Bc4 a6 7. d3 b5 8. Bb3 Rb8
9. Qe2 d6 10. Bg5 Be6 11. Bxe6 fxe6 12. b4 Bb6 13. Na2 Qe7 14. c3 Qf7 15. Be3
Bxe3 16. Qxe3 Rbd8 17. d4 exd4 18. Nxd4 Nxd4 19. Qxd4 e5 20. Qd3 d5 21. exd5
Rxd5 22. Qe3 Ra8 23. O-O Qd7 24. f3 a5 25. Qe2 axb4 26. axb4 Rd2 27. Qxe5 Rdxa2
28. Rac1 Qd2 29. Qg5 Qxg5 0-1

[Event "Challenge"]
[Site "http://www.queenalice.com/game.php?id=1808622"]
[Date "2023.3.25"]
[Round "-"]
[White "Magnaroc"]
[Black "johnrbrown"]
[Result "1-0"]
[WhiteElo "1500"]
[BlackElo "2110"]

1. e4 e5 2. f4 exf4 3. Bc4 d6 4. Qh5 Qe7 5. Nc3 Nf6 6. Qe2 Be6 7. d3 c6 8. Bxe6
Qxe6 9. Bxf4 Be7 10. Nf3 O-O 11. Nd4 Qc8 12. Nf5 Qd7 13. Qf3 g6 14. Nxe7+ Qxe7
15. Bg5 Nbd7 16. O-O Kg7 17. Qe3 Rfe8 18. Rf2 Qe5 19. d4 Qa5 20. Qf4 Qd8 21.
Raf1 1-0

[Event "Let's Play Chess!"]
[Site "http://www.queenalice.com/game.php?id=1809076"]
[Date "2023.4.2"]
[Round "-"]
[White "beginat63"]
[Black "johnrbrown"]
[Result "0-1"]
[WhiteElo "1920"]
[BlackElo "2107"]

1. d4 Nf6 2. e3 g6 3. Bd3 Bg7 4. f4 e6 5. Nd2 O-O 6. Ngf3 d6 7. O-O Nbd7 8. e4
c5 9. c3 cxd4 10. Nxd4 Nc5 11. Bc2 Qb6 12. b4 Ncd7 13. Kh1 a6 14. Nc4 Qc7 15. e5
dxe5 16. fxe5 Nd5 17. Qd3 N7b6 18. Nxb6 Qxb6 19. Bf4 Nxf4 20. Rxf4 Rd8 21. Qf3
Rf8 22. Re1 Qd8 23. Rg4 Qc7 24. Qg3 Qe7 25. h4 f5 26. Rf4 Bd7 0-1

[Event "Let's Play Chess!"]
[Site "http://www.queenalice.com/game.php?id=1809077"]
[Date "2023.4.2"]
[Round "-"]
[White "johnrbrown"]
[Black "beginat63"]
[Result "1-0"]
[WhiteElo "2113"]
[BlackElo "1911"]

1. d4 d5 2. e4 e6 3. e5 c5 4. c3 Nc6 5. Nf3 cxd4 6. cxd4 Nge7 7. Bd3 g6 8. O-O
Bg7 9. Nc3 O-O 10. Bd2 f6 11. exf6 Bxf6 12. Be3 Bg7 13. Rc1 Nf5 14. Ne2 Nxe3 15.
fxe3 b6 16. Rxc6 Bb7 17. Rc1 Rc8 18. Rxc8 Qxc8 19. Qa4 a6 20. Rc1 Qe8 21. Qxe8
Rxe8 22. Rc7 Bc8 23. a4 Bf8 24. Ng5 Bd6 25. Rc6 Be7 26. Nf3 Bf8 27. Rxb6 a5 28.
Bb5 1-0

[Event "Challenge"]
[Site "http://www.queenalice.com/game.php?id=1810322"]
[Date "2023.4.21"]
[Round "-"]
[White "quithero"]
[Black "johnrbrown"]
[Result "0-1"]
[WhiteElo "1594"]
[BlackElo "2106"]

1. e4 e5 2. Nf3 Nc6 3. Bc4 Nf6 4. Nc3 Bb4 5. d3 O-O 6. O-O d6 7. a3 Bxc3 8. bxc3
Bg4 9. h3 Bxf3 10. Qxf3 a6 11. Qg3 Kh8 12. f4 exf4 13. Rxf4 Ne5 14. Rh4 Ng6 15.
Bh6 Qe7 16. Bg5 Nxh4 17. Bxh4 Qe5 18. Qxe5 dxe5 19. Bg3 Rae8 20. Re1 Nd7 21. d4
f6 22. d5 Nc5 23. Bf2 Na4 24. Re3 b5 25. Be2 Nb6 26. c4 bxc4 27. Rc3 f5 28. Bxc4
Nxc4 29. Rxc4 fxe4 30. Rxe4 Rf4 31. Rb4 Rd8 32. c4 a5 33. Ra4 Rxd5 34. cxd5 Rxa4
35. Bc5 Rc4 36. Be7 Kg8 37. d6 cxd6 38. Bxd6 e4 39. Kf2 Rc3 40. g3 Kf7 41. h4
Ke6 42. Bf8 g6 0-1

[Event "Snow Is Falling"]
[Site "http://www.queenalice.com/game.php?id=1826244"]
[Date "2023.11.30"]
[Round "-"]
[White "johnrbrown"]
[Black "igor12345"]
[Result "1/2-1/2"]
[WhiteElo "2103"]
[BlackElo "1952"]

1. e4 c5 2. Nc3 e5 3. Bc4 Nf6 4. Nf3 a6 5. a3 Nc6 6. O-O d6 7. Ng5 Be6 8. Nxe6
fxe6 9. Bxe6 Qe7 10. Ba2 O-O-O 11. d3 h6 12. Na4 Nd7 13. b3 h5 14. c3 g5 15. b4
g4 16. Be3 Bh6 17. Bxh6 Rxh6 18. bxc5 dxc5 19. Nb2 Qg5 20. Bd5 Ne7 21. Bc4 h4
22. Qc1 Qg7 23. d4 h3 24. g3 Qf6 25. Be2 Qe6 26. f4 exd4 27. e5 Qd5 28. Rf2 dxc3
29. Qxc3 Nf5 30. Qd3 Qxd3 31. Bxd3 Rf8 32. Bxf5 Rxf5 33. Nc4 Kc7 34. Rb2 Rf8 35.
Rab1 b5 36. Nd6 Nb6 37. Kf2 Re6 38. Ke3 Rd8 39. Kf2 Nc8 40. Ne4 Kc6 41. Ke2 Re7
42. Nf6 Rg7 43. Rd1 Rxd1 44. Kxd1 Ne7 45. Rd2 Nf5 46. Ne4 1/2-1/2

[Event "Winter Wonderland"]
[Site "http://www.queenalice.com/game.php?id=1826245"]
[Date "2023.11.30"]
[Round "-"]
[White "igor12345"]
[Black "johnrbrown"]
[Result "1-0"]
[WhiteElo "1985"]
[BlackElo "2119"]

1. e4 e5 2. f4 exf4 3. Nf3 d6 4. d4 h6 5. Bxf4 Qf6 6. Bg3 Bg4 7. Be2 Nd7 8. O-O
Qe7 9. e5 dxe5 10. Nxe5 Bxe2 11. Qxe2 Nxe5 12. Qxe5 Qxe5 13. Bxe5 O-O-O 14. Rxf7
Be7 15. Rxg7 Bf6 16. Rxc7+ Kb8 17. Rd7+ Bxe5 18. Rxd8+ 1-0

[Event "Let's Play Chess!"]
[Site "http://www.queenalice.com/game.php?id=1851016"]
[Date "2025.1.25"]
[Round "-"]
[White "igor12345"]
[Black "johnrbrown"]
[Result "0-1"]
[WhiteElo "1981"]
[BlackElo "2082"]

1. e4 e5 2. f4 exf4 3. Nf3 d6 4. Bc4 Nh6 5. d3 Be7 6. Bxf4 Bh4+ 7. g3 Bf6 8. c3
Ng4 9. O-O O-O 10. Bb3 Nc6 11. h3 Nge5 12. Kg2 Qd7 13. Rh1 a6 14. d4 Nxf3 15.
Qxf3 Na5 16. Bc2 g6 17. Bh6 Bg7 18. Bxg7 Kxg7 19. e5 dxe5 20. dxe5 Qc6 21. Be4
Qb5 22. Qf6+ Kg8 23. Qf2 Qxe5 24. Nd2 Nc4 25. Rae1 Nxd2 26. Bxb7 Bxb7+ 27. Kh2
Nf3+ 28. Qxf3 Bxf3 29. Rxe5 Bxh1 0-1

[Event "Let's Play Chess!"]
[Site "http://www.queenalice.com/game.php?id=1868489"]
[Date "2026.1.27"]
[Round "-"]
[White "johnrbrown"]
[Black "alow_proton"]
[Result "1/2-1/2"]
[WhiteElo "2085"]
[BlackElo "2100"]

1. e4 c5 2. Nc3 Nc6 3. Bb5 Qc7 4. Bxc6 bxc6 5. d3 d6 6. f4 e6 7. Nf3 Ne7 8. O-O
Ng6 9. Qe1 Be7 10. Ne2 O-O 11. Ng3 f5 12. e5 d5 13. c3 a5 14. a4 Ba6 15. Qd1
Rfb8 16. Re1 c4 17. d4 c5 18. Kh1 Qc6 19. Re2 cxd4 20. Nxd4 Qd7 21. Nf1 Bc5 22.
Nc2 Qa7 23. Ne1 Qb6 24. Nf3 h6 25. Ng3 Kh7 26. Nd4 Bxd4 27. Qxd4 Qxd4 28. cxd4
Rb3 29. Re3 Rab8 30. Ra3 R8b4 31. Rexb3 Rxb3 32. Rxb3 cxb3 33. Bd2 Bb7 34. Nh5
Bc6 35. Bxa5 Bxa4 36. Kg1 Kg8 37. Bd2 Ne7 38. Kf2 Kf7 39. Ke3 g6 40. Ng3 g5 41.
fxg5 hxg5 42. Kf3 Kg6 43. Nf1 Kh5 44. g3 Bb5 45. Ne3 Nc6 46. Bc3 g4+ 47. Kg2 Be2
48. Kf2 Bb5 49. Kg2 Kg5 50. h4+ Kg6 51. Nd1 Be2 52. Ne3 Bd3 53. Nd1 Be2 54. Ne3
Bd3 55. Kf2 Bb5 56. Nd1 Kh5 57. Ke3 Kg6 58. Kf4 Be2 59. Nf2 Kh5 60. Ke3 Bb5 61.
Kf4 1/2-1/2

[Event "Challenge"]
[Site "http://www.queenalice.com/game.php?id=1868636"]
[Date "2026.1.29"]
[Round "-"]
[White "johnrbrown"]
[Black "jogo"]
[Result "1-0"]
[WhiteElo "2080"]
[BlackElo "1745"]

1. d4 d5 2. e4 dxe4 3. Nc3 f5 4. Bf4 Nf6 5. f3 Nh5 6. Be5 Nd7 7. fxe4 Nxe5 8.
Qxh5+ g6 9. Qd1 Nc6 10. Nf3 fxe4 11. Nxe4 Bg7 12. Bb5 Bd7 13. O-O O-O 14. c3 1-0

[Event "Let's Play Chess!"]
[Site "http://www.queenalice.com/game.php?id=1872310"]
[Date "2026.5.23"]
[Round "-"]
[White "johnrbrown"]
[Black "Mlintz"]
[Result "1-0"]
[WhiteElo "2086"]
[BlackElo "1773"]

1. e4 e5 2. f4 exf4 3. Nf3 d6 4. Bc4 Be7 5. O-O Nf6 6. Nc3 c6 7. d4 b5 8. Bb3 b4
9. Ne2 Nxe4 10. Bxf4 O-O 11. Ng3 Nxg3 12. Bxg3 Ba6 13. Re1 Bf6 14. c3 bxc3 15.
bxc3 c5 16. Rc1 Bb7 17. dxc5 d5 18. c4 d4 19. Bc2 Nc6 20. a3 a5 21. Qd3 g6 22.
Ba4 Re8 23. Rxe8+ Qxe8 24. Re1 Qd8 25. Rd1 Qd7 26. Bd6 Re8 27. Re1 Rxe1+ 28.
Nxe1 Qe8 29. Nc2 1-0